| 000 | 00499nam a22001697a 4500 | ||
|---|---|---|---|
| 999 |
_c8405 _d8405 |
||
| 008 | 201118b ||||| |||| 00| 0 eng d | ||
| 040 | _aBMS College of Architecture | ||
| 100 | _aVarshini, M S | ||
| 245 | _aAviation training academy | ||
| 300 | _aNA | ||
| 500 | _a1BM15AT115 | ||
| 502 |
_8B,Arch _NBMS College of Architecture, Visvesvaraya Technological University (VTU) _aProject report _d2019 |
||
| 650 | _aNA | ||
| 700 |
_aSri Ganesh _eGuide |
||
| 700 |
_aKarmen sen _eGuide |
||
| 942 |
_2ddc _cTHE |
||